Oceňování úvěrových pohledávek

Charakteristika a metódy oceňovaných pohľadávok: 1. Stanovenie hodnoty na základe schopnosti dlžníka splácať. 2. Stanovenie hodnoty pohľadávky simuláciou konkurzu. 3. Stanovenie hodnoty záložných inštrumentov. Výsledná cena pohľadávky.

Guardado en:
Detalles Bibliográficos
Autor principal: Poláček, Bohumil
Otros Autores: Attl, Jan
Formato: Capítulo de libro
Lenguaje:checo
Materias:
Etiquetas: Agregar Etiqueta
Sin Etiquetas, Sea el primero en etiquetar este registro!

MARC

LEADER 00000naa a2200000 4500
001 r042268
005 20231004072043.3
041 0 |a cze 
044 |a CZ 
245 1 0 |a Oceňování úvěrových pohledávek  |c Bohumil Poláček, Jan Attl 
520 |a Charakteristika a metódy oceňovaných pohľadávok: 1. Stanovenie hodnoty na základe schopnosti dlžníka splácať. 2. Stanovenie hodnoty pohľadávky simuláciou konkurzu. 3. Stanovenie hodnoty záložných inštrumentov. Výsledná cena pohľadávky. 
610 2 0 |a úver 
610 2 0 |a pohľadávky 
610 2 0 |a oceňovanie 
610 2 0 |a metódy simulačné 
610 2 0 |a konkurzy 
610 2 0 |a dlžníci 
610 2 0 |a hodnota 
610 2 0 |a nehnuteľnosti 
610 2 0 |a metódy 
100 1 |a Poláček, Bohumil 
700 1 |a Attl, Jan